| 000 | 01059nam a22002297a 4500 | ||
|---|---|---|---|
| 999 |
_c57878 _d57878 |
||
| 003 | Ge_BSU | ||
| 005 | 20210323142435.0 | ||
| 008 | 210323s2020 ge ||||| |||| 00| 0 geo d | ||
| 020 | _a9789941267956 | ||
| 041 | _ageo | ||
| 080 | _a69+691ე-83 | ||
| 100 |
_aესაძე, ს. _910675 |
||
| 245 |
_aშენობების კვლევა და აღდგენა-გაძლიერება: _b ნაწილი 1 / _cს. ესაძე, ა. ბერძენიშვილი, დ. ჯიჯიეშვილი. |
||
| 264 |
_aთბილისი : _bუნივერსალი, _c2020. |
||
| 300 |
_a126 გვ. : _b სურ. ; _c20 სმ. |
||
| 504 | _aბიბლიოგრაფია: გვ. 116-118. | ||
| 653 | _aშენობების კვლევა და აღდგენა-გაძლიერება | ||
| 653 | _aინჟინერია | ||
| 700 |
_aბერძენიშვილი,ა _910676 |
||
| 700 |
_aჯიჯიეშვილი, დ _910677 |
||
| 942 |
_2udc _cBK |
||